01934cam a2200253 i 4500020001800000041000800018082001300026100002400039245004000063260002200103300002200125490006400147505117900211650002401390650001101414650001101425650002301436650001001459650005301469650002401522942000701546952011001553999001701663 a9789388945875 aENG a230bPAT1 aPatta, Raj Bharath,10aDalitekklesia : A Church from Below a2020bISPCKc2020 axxxi, 160 pages ;0 aReimagining church as event : perspectives from the margins0 aForeword - Colin Cowan -- Introduction - Praveen P.S. Perumalla -- Acknowledgements -- Prologue -- Part 1. The Locality of Dalitekklesia : Peta. chapter 1. Can we talk about caste in our church? -- chapter 2. The locality of Dalit Peta : mission discourses -- chapter 3. Listening to Ambedkar at our Peta : cast out caste -- chapter 4. Pain, pathos and Peta : A.P. Nirmal's Dalit theology -- Part II. The locus of Dalitekklesia : perspectives. chapter 5. Multiple identities of Dalit Christians : perspectives & possibilities -- chapter 6. When my grandma Annamma, Martin Luther & Pope Francis meet : a conversational reflection on reformation -- chapter 7. Dalits, Palestinians and tribal Adivasis in their quest for common struggle -- Part III. The localisation of Dalitekklesia : public witness. chapter 8. Remembering Ilavarasan, interrogating casteism : reimagining Christian public witness in India -- chapter 9. Fighting impunity : the saga of a victim of torture : reflection on Esther 1 -- chapter 10. When a thirsty Hagar speaks... : based on genesis 21:8-21 -- chapter 11. To Paul : a letter from Onesimus in response to Philemon 1 -- Afterword - N. Paul Divakar. 0aTheology, Doctrinal 0aDalits 0aDalits 0aChristian converts 0aCaste 0aChurch work with people with social disabilities 0aMarginality, Social cBK 00104070aHMIbHMIcGENd2025-10-08eDirectorg180.00l0o230 PATp11004503r2025-10-08w2025-10-08yBK c23628d23628